<?xml version="1.0" encoding="UTF-8"?>
<record
    xmlns:xsi="http://www.w3.org/2001/XMLSchema-instance"
    xsi:schemaLocation="http://www.loc.gov/MARC21/slim http://www.loc.gov/standards/marcxml/schema/MARC21slim.xsd"
    xmlns="http://www.loc.gov/MARC21/slim">

  <leader>00421nam a2200157Ia 4500</leader>
  <controlfield tag="008">230718s9999    xx            000 0 und d</controlfield>
  <datafield tag="041" ind1=" " ind2=" ">
    <subfield code="a">eng</subfield>
  </datafield>
  <datafield tag="082" ind1=" " ind2=" ">
    <subfield code="a">658</subfield>
    <subfield code="b">SWI</subfield>
  </datafield>
  <datafield tag="100" ind1=" " ind2=" ">
    <subfield code="a">Swiss D.J.</subfield>
    <subfield code="9">186893</subfield>
  </datafield>
  <datafield tag="245" ind1=" " ind2=" ">
    <subfield code="a">Male Mind At Work A Womans Guide To Working With Men</subfield>
  </datafield>
  <datafield tag="260" ind1=" " ind2=" ">
    <subfield code="c">2000</subfield>
    <subfield code="b">Perseus</subfield>
  </datafield>
  <datafield tag="300" ind1=" " ind2=" ">
    <subfield code="a">240</subfield>
  </datafield>
  <datafield tag="365" ind1=" " ind2=" ">
    <subfield code="c">Rs.</subfield>
    <subfield code="b">946.00</subfield>
  </datafield>
  <datafield tag="700" ind1=" " ind2=" ">
    <subfield code="a">Swiss D.J.</subfield>
    <subfield code="9">186893</subfield>
  </datafield>
  <datafield tag="906" ind1=" " ind2=" ">
    <subfield code="d">B:618120-Oct-2000</subfield>
    <subfield code="c">ARCHIT</subfield>
    <subfield code="b">141.9</subfield>
  </datafield>
  <datafield tag="999" ind1=" " ind2=" ">
    <subfield code="c">300797</subfield>
    <subfield code="d">300797</subfield>
  </datafield>
  <datafield tag="952" ind1=" " ind2=" ">
    <subfield code="0">0</subfield>
    <subfield code="1">0</subfield>
    <subfield code="4">0</subfield>
    <subfield code="7">0</subfield>
    <subfield code="a">CCEP</subfield>
    <subfield code="b">CCEP</subfield>
    <subfield code="d">2000-11-18</subfield>
    <subfield code="e">Technical Book Services</subfield>
    <subfield code="f">ARCHIT</subfield>
    <subfield code="g">804.10</subfield>
    <subfield code="i">6181</subfield>
    <subfield code="l">1</subfield>
    <subfield code="o">658</subfield>
    <subfield code="p">CCEP-BK-12003</subfield>
    <subfield code="r">2024-01-02 00:00:00</subfield>
    <subfield code="s">2023-12-06</subfield>
    <subfield code="t">141.9</subfield>
    <subfield code="v">946.00</subfield>
    <subfield code="w">2000-10-20</subfield>
    <subfield code="y">BK</subfield>
    <subfield code="z">012003</subfield>
  </datafield>
</record>
